Guess the country of the food dish - Statistics

General Stats
  • This quiz has been taken 313 times
  • The average score is 12 of 15
Answer Stats
Hint Answer % Correct
Pasta Italy
99%
Sushi Japan
96%
Hotdog United States of America
96%
Tacos Mexico
95%
Macaron France
92%
Fish & Chips United Kingdom
92%
Pretzel Germany
88%
Paella Spain
87%
Pekin Duck China
85%
Tandoori Chicken India
84%
Baklava Turkey
73%
Caviar Russia
65%
Stroopwafel Netherlands
62%
Moussaka Greece
61%
Bobotie South Africa
28%
No matching quizzes found
Score Distribution
Percent of People with Each Score
Percentile by Number Answered
Your Score History
You have not taken this quiz